Principles of engineering thermodynamics (Record no. 608434)
[ view plain ]
| 000 -LEADER | |
|---|---|
| fixed length control field | 00284nam a22001217a 4500 |
| 040 ## - CATALOGING SOURCE | |
| Transcribing agency | SCME |
| 100 ## - MAIN ENTRY--PERSONAL NAME | |
| Personal name | Michael J.Moran |
| 9 (RLIN) | 121598 |
| 245 ## - TITLE STATEMENT | |
| Title | Principles of engineering thermodynamics |
| 250 ## - EDITION STATEMENT | |
| Edition statement | 9thed. |
| 260 ## - PUBLICATION, DISTRIBUTION, ETC. | |
| Place of publication, distribution, etc. | Singapore |
| Name of publisher, distributor, etc. | Wiley |
| Date of publication, distribution, etc. | 2017 |
| 300 ## - PHYSICAL DESCRIPTION | |
| Extent | 699p. |
| 942 ## - ADDED ENTRY ELEMENTS (KOHA) | |
| Source of classification or shelving scheme | |
| Koha item type | Book |
| Withdrawn status | Lost status | Source of classification or shelving scheme | Damaged status | Not for loan | Permanent Location | Current Location | Shelving location | Date acquired | Total Checkouts | Full call number | Barcode | Date last seen | Price effective from | Koha item type |
|---|---|---|---|---|---|---|---|---|---|---|---|---|---|---|
| School of Chemical & Materials Engineering (SCME) | School of Chemical & Materials Engineering (SCME) | Book Cart | 02/28/2024 | 621.402 M8071P | SCME-4863 | 02/28/2024 | 02/28/2024 | Book |
